000 00354nam a2200145Ia 4500
008 191206s9999 xx 000 0 und d
020 _a75895557
090 _aLB2369M32
245 0 _aSuccessful Dissertations and Theses
250 _a1st ed.
260 _aJossey-Bass
260 _cc1983
300 _a"xvi, 174 p. ; 24 cm."
999 _c16994
_d16994